=LDR 00000nam 2200000 4500 =001 INLIS000000000013689 =005 20130612105036 =008 ***********************************Ind** =035 ##$$0010-061300000013689 =041 ##$$a Ind =082 ##$$a 611.7 =090 ##$$a 611.7, Tre m =100 ##$$a Treays, Rebecca =245 ##$$a Mempelajari otot dan tulang, Rebecca Treays ;alih bahasa, Endang Naskah Alimah, S.S =260 ##$$a 2004 $b Bandung =300 ##$$a 32 hlm, Ilus, 28 cm =650 ##$$a Otot dan tulang =700 ##$$a Alimah, Endang Naskah =850 ##$$a NBPNMAT =990 ##$$a 0001/BPAP-NTB/2016 =990 ##$$a 20404144